| 000 | 00480nam a22001697a 4500 | ||
|---|---|---|---|
| 003 | BD-ChCU | ||
| 005 | 20260115105816.0 | ||
| 008 | 260115b bg ||||| |||| 00| 0 ben d | ||
| 040 | _cBD-ChCU | ||
| 082 | _aREF 891.2 SUC | ||
| 100 |
_aSures Chandra Banerji . _919290 |
||
| 245 |
_aA companion to sanskrit literature . _cChandra Banerji Sures |
||
| 260 |
_aDelhi : _bMotilal , _cC 1971 |
||
| 300 | _axvi , 729p | ||
| 650 | 0 |
_aSanskrit literature . _919291 |
|
| 942 |
_2ddc _cBK _n0 |
||
| 999 |
_c111070 _d111070 |
||